[Event "43rd Guernsey International Holiday"]
[Site "?"]
[Date "2017.10.17"]
[Round "3"]
[White "Van Beek, Ronald"]
[Black "Foran, Barry"]
[Result "0-1"]
[WhiteElo "1246"]
[BlackElo "1636"]
[PlyCount "56"]
[EventDate "2017.10.15"]
[EventType "swiss"]
[EventRounds "7"]

1. d4 c6 2. Nf3 Nf6 3. e3 d5 4. Be2 Bg4 5. O-O Bxf3 6. Bxf3 e6 7. a3 Nbd7 8. b4
a5 9. bxa5 Qxa5 10. Bb2 Be7 11. Nd2 b5 12. Nb3 Qc7 13. Qd3 Nb6 14. Nd2 O-O 15.
e4 Nc4 16. Nxc4 bxc4 17. Qe3 Rfb8 18. Rfb1 Rb6 19. e5 Nd7 20. Qc3 Rab8 21. Ra2
c5 22. g3 cxd4 23. Qxd4 Bc5 24. Qf4 c3 25. Qc1 Nxe5 26. Bg2 cxb2 27. Raxb2 Rxb2
28. Rxb2 Rxb2 0-1

[Event "43rd Guernsey International Holiday"]
[Site "?"]
[Date "2017.10.17"]
[Round "3"]
[White "Foster, Paul"]
[Black "Jones, Sidney A"]
[Result "1/2-1/2"]
[WhiteElo "1485"]
[BlackElo "1500"]
[PlyCount "44"]
[EventDate "2017.10.15"]
[EventType "swiss"]
[EventRounds "7"]

1. e4 e5 2. Nf3 Nc6 3. Bc4 Bc5 4. c3 Nf6 5. b4 Be7 6. d3 d6 7. h3 O-O 8. O-O a6
9. Na3 b5 10. Bb3 Bb7 11. Nc2 h6 12. Ne3 Re8 13. Nf5 Bf8 14. Re1 Ne7 15. N3h4
Nxf5 16. Nxf5 Bc8 17. Ng3 d5 18. Qf3 Be6 19. Nh5 Nxh5 20. Qxh5 d4 21. Bb2 Bxb3
22. axb3 c5 1/2-1/2

[Event "43rd Guernsey International Holiday"]
[Site "?"]
[Date "2017.10.17"]
[Round "3"]
[White "Newrick, William R"]
[Black "Nalichowski, Bogdan"]
[Result "0-1"]
[WhiteElo "1282"]
[BlackElo "1388"]
[PlyCount "78"]
[EventDate "2017.10.15"]
[EventType "swiss"]
[EventRounds "7"]

1. d4 Nf6 2. Nf3 d5 3. e3 Bg4 4. Be2 Bf5 5. c4 e6 6. Nc3 c6 7. O-O Bd6 8. c5
Bc7 9. Qb3 b5 10. cxb6 axb6 11. Ne5 Qd6 12. Bf3 Bg4 13. Qd1 h5 14. h3 Bf5 15.
e4 Nxe4 16. Bf4 g5 17. Bxe4 gxf4 18. Bxf5 exf5 19. Nf3 f6 20. Qe2+ Kf7 21. Rfe1
Nd7 22. Qd3 h4 23. Qxf5 Rag8 24. Ne5+ Nxe5 25. dxe5 Qe6 26. Qxe6+ Kxe6 27.
exf6+ Kxf6 28. f3 Rg5 29. Re2 Rhg8 30. Rae1 Be5 31. Na4 b5 32. Nc5 Bd4+ 33. Kh1
Bxc5 34. Re6+ Kf7 35. R1e2 R5g6 36. R6e5 Bd4 37. Rf5+ Rf6 38. Rh5 Be3 39. Rxh4
d4 0-1

[Event "43rd Guernsey International Holiday"]
[Site "?"]
[Date "2017.10.17"]
[Round "3"]
[White "Brown, Jim"]
[Black "Kerr, Matthew"]
[Result "0-1"]
[WhiteElo "1068"]
[BlackElo "1290"]
[PlyCount "54"]
[EventDate "2017.10.15"]
[EventType "swiss"]
[EventRounds "7"]

1. Nf3 Nc6 2. h3 d5 3. d3 e6 4. g4 h6 5. Bg2 Be7 6. b3 Bf6 7. c3 d4 8. Bb2 Nge7
9. O-O Ng6 10. cxd4 Nxd4 11. Nxd4 Bxd4 12. Bxd4 Qxd4 13. Qc2 Qxa1 14. Nc3 Qxf1+
15. Kxf1 c6 16. e3 O-O 17. d4 Bd7 18. a4 Rab8 19. Ne4 e5 20. dxe5 Nxe5 21. Nc5
Bc8 22. Be4 Nd7 23. Nxd7 Bxd7 24. f4 Rfe8 25. Bf3 Rxe3 26. h4 Rxf3+ 27. Kg1
Bxg4 0-1

[Event "43rd Guernsey International Holiday"]
[Site "?"]
[Date "2017.10.18"]
[Round "4"]
[White "Kearsley, Raymond J"]
[Black "Heesen, Jos"]
[Result "0-1"]
[WhiteElo "1724"]
[BlackElo "1766"]
[PlyCount "125"]
[EventDate "2017.10.15"]
[EventType "swiss"]
[EventRounds "7"]

1. e4 e6 2. d4 d5 3. Nc3 Nf6 4. Bg5 Bb4 5. e5 h6 6. Bh4 g5 7. Bg3 Ne4 8. Nge2
c5 9. a3 Bxc3+ 10. Nxc3 Nxc3 11. bxc3 Qa5 12. Qd2 Nc6 13. Be2 cxd4 14. cxd4
Qxd2+ 15. Kxd2 Nxd4 16. Bd3 Bd7 17. f3 Rc8 18. Rhb1 Rc7 19. Rb2 O-O 20. h4 Kg7
21. c3 Nc6 22. f4 gxf4 23. Bxf4 Na5 24. Be3 b6 25. Rf1 Nc4+ 26. Bxc4 Rxc4 27.
Bd4 Ra4 28. Ra1 Rc8 29. Rb4 Rc4 30. Rb3 Rxd4+ 31. cxd4 Rxd4+ 32. Rd3 Rxh4 33.
Rg3+ Kf8 34. Rc1 Rd4+ 35. Rd3 Rg4 36. g3 Bb5 37. Re3 Bc4 38. Ke1 h5 39. Kf2 h4
40. gxh4 Rxh4 41. Rg3 Rh2+ 42. Rg2 Rh5 43. Re1 b5 44. Kf3 d4 45. Rg4 d3 46. Rd4
Ke7 47. Kg4 Rh2 48. Kg3 Ra2 49. a4 Rxa4 50. Rf4 Ra2 51. Ref1 Kd7 52. Rxf7+ Kc6
53. R1f4 Kc5 54. Rd7 Kb4 55. Kf3 a5 56. Rxd3 Ra3 57. Rxa3 Kxa3 58. Ke3 Kb3 59.
Kd4 a4 60. Rf3+ Kb2 61. Rf2+ Kb3 62. Rf3+ Kb4 63. Rf1 0-1

[Event "43rd Guernsey International Holiday"]
[Site "?"]
[Date "2017.10.18"]
[Round "4"]
[White "Dennis, Nigel W"]
[Black "Nevska, Gerda"]
[Result "0-1"]
[WhiteElo "1785"]
[BlackElo "1677"]
[PlyCount "62"]
[EventDate "2017.10.15"]
[EventType "swiss"]
[EventRounds "7"]

1. e4 c5 2. Nf3 Nc6 3. d4 cxd4 4. Nxd4 a6 5. c4 Nf6 6. Nc3 e6 7. a3 Bc5 8. Be3
Ba7 9. Be2 Qa5 10. O-O Qc7 11. Nc2 Bb8 12. g3 h5 13. f4 Na5 14. e5 Ng4 15. Bxg4
hxg4 16. Qxg4 g6 17. c5 Nb3 18. Ne4 Nxa1 19. Rxa1 Ba7 20. Qg5 b5 21. Nd6+ Kf8
22. b4 Bb7 23. Qf6 Rh7 24. Nd4 Bd5 25. f5 exf5 26. Bg5 Bxc5 27. bxc5 Qxc5 28.
Be3 Qc3 29. Rd1 Qxe3+ 30. Kf1 Rxh2 31. Rd2 Rh1# 0-1

[Event "43rd Guernsey International Holiday"]
[Site "?"]
[Date "2017.10.18"]
[Round "4"]
[White "Remie, Peter"]
[Black "Goris Schouwstra, Adry"]
[Result "1-0"]
[WhiteElo "1689"]
[BlackElo "1754"]
[PlyCount "97"]
[EventDate "2017.10.15"]
[EventType "swiss"]
[EventRounds "7"]

1. d4 d5 2. c4 e6 3. Nf3 Nf6 4. Bg5 Be7 5. e3 h6 6. Bh4 O-O 7. Nc3 c6 8. Qc2
Nbd7 9. Bd3 dxc4 10. Bxc4 Nb6 11. Bb3 Nbd5 12. Bxd5 exd5 13. h3 Ne4 14. Bxe7
Qxe7 15. Nxe4 dxe4 16. Ne5 Qb4+ 17. Qc3 Qe7 18. Qc2 Be6 19. O-O Bd5 20. b3 Qe6
21. Nc4 f5 22. Ne5 Rac8 23. Qd2 b6 24. Rac1 Rc7 25. f4 exf3 26. Nxf3 g5 27. Ne5
Rg7 28. Qe2 Qe8 29. g4 fxg4 30. hxg4 Be4 31. Rxf8+ Kxf8 32. Qf2+ Ke7 33. Rf1
Kd8 34. Qf6+ Qe7 35. Qxc6 Bxc6 36. Nxc6+ Ke8 37. Nxe7 Kxe7 38. Rf5 Rg6 39. d5
Rd6 40. Kf2 Rd8 41. e4 Rc8 42. Re5+ Kd7 43. Re6 Rf8+ 44. Ke3 Rf4 45. Rxh6 Rxg4
46. Rh7+ Kd6 47. Rxa7 Rh4 48. Rg7 Rg4 49. Rg6+ 1-0

[Event "43rd Guernsey International Holiday"]
[Site "?"]
[Date "2017.10.18"]
[Round "4"]
[White "Baart, Edwin"]
[Black "Goman, Colin R"]
[Result "1/2-1/2"]
[WhiteElo "1816"]
[BlackElo "1714"]
[PlyCount "108"]
[EventDate "2017.10.15"]
[EventType "swiss"]
[EventRounds "7"]

1. d4 d6 2. e4 Nf6 3. Nc3 g6 4. Nf3 Bg7 5. Be3 O-O 6. Qd2 a6 7. O-O-O b6 8. Bh6
Bb7 9. Bxg7 Kxg7 10. Bd3 c5 11. e5 Nd5 12. Ne4 Nb4 13. exd6 Nxa2+ 14. Kb1 Nb4
15. dxc5 bxc5 16. c3 Nxd3 17. Qxd3 Bxe4 18. Qxe4 Ra7 19. dxe7 Rxe7 20. Qh4 Qc7
21. Rd2 Rd7 22. Rhd1 Rfd8 23. Qg5 Rxd2 24. Rxd2 Rxd2 25. Qxd2 Nd7 26. Qe2 Qd6
27. Kc2 Nf6 28. h3 Qc6 29. Kc1 Qa4 30. Ne1 Qa1+ 31. Kc2 Qa4+ 32. Kb1 Qe4+ 33.
Qxe4 Nxe4 34. f3 Nd2+ 35. Kc2 Nc4 36. b3 Ne3+ 37. Kd3 Nd1 38. Kc4 Kf6 39. g3 h5
40. Nd3 Ne3+ 41. Kxc5 Nf5 42. g4 hxg4 43. hxg4 Nh4 44. f4 Ng2 45. Kb6 g5 46.
fxg5+ Kxg5 47. Ne5 f6 48. Nd7 Ne3 49. Nxf6 Kxf6 50. Kxa6 Nxg4 51. c4 Ne5 52. c5
Ke6 53. b4 Kd5 54. Kb6 Nc4+ 1/2-1/2

[Event "43rd Guernsey International Holiday"]
[Site "?"]
[Date "2017.10.18"]
[Round "4"]
[White "Jongerius, Marc"]
[Black "Turner, David J"]
[Result "0-1"]
[WhiteElo "1588"]
[BlackElo "1774"]
[PlyCount "60"]
[EventDate "2017.10.15"]
[EventType "swiss"]
[EventRounds "7"]

1. e4 d6 2. d4 Nf6 3. Nc3 g6 4. f4 Bg7 5. a3 O-O 6. Nf3 Bg4 7. h3 Bc8 8. Be3 b6
9. e5 Nfd7 10. Qe2 Ba6 11. Qf2 c5 12. Ne4 Bxf1 13. Qxf1 cxd4 14. Bxd4 Nc6 15.
Qc4 Nxd4 16. Qxd4 dxe5 17. fxe5 Nxe5 18. Qxd8 Nxf3+ 19. gxf3 Rfxd8 20. c3 Rd3
21. Kf2 Rad8 22. Rhe1 Bh6 23. Re2 Bf4 24. c4 Rb3 25. Nc3 Rd2 26. Nd5 Rxe2+ 27.
Kxe2 Rxb2+ 28. Kf1 Bd6 29. Kg1 Kf8 30. Nc3 Rb3 0-1

[Event "43rd Guernsey International Holiday"]
[Site "?"]
[Date "2017.10.18"]
[Round "4"]
[White "Kirk, Matthew"]
[Black "O'Connell, Denis"]
[Result "1/2-1/2"]
[WhiteElo "1721"]
[BlackElo "1722"]
[PlyCount "123"]
[EventDate "2017.10.15"]
[EventType "swiss"]
[EventRounds "7"]

1. d4 d5 2. c4 e5 3. dxe5 d4 4. Nf3 Nc6 5. a3 Nge7 6. e3 Bg4 7. Be2 dxe3 8.
Bxe3 Qxd1+ 9. Bxd1 Bxf3 10. Bxf3 Nxe5 11. Be2 Nf5 12. Bf4 f6 13. Bxe5 fxe5 14.
Nc3 Nd4 15. Bd1 O-O-O 16. O-O Kb8 17. Re1 Bd6 18. b4 c6 19. c5 Bc7 20. Ne4 h6
21. a4 Rhf8 22. Re3 Rf4 23. Rb1 Nf5 24. Re1 Nd4 25. b5 Ba5 26. g3 Bxe1 27. gxf4
exf4 28. bxc6 Nxc6 29. Nd6 b6 30. Bf3 Nd4 31. Be4 Ba5 32. Nc4 Kc7 33. Nxa5 bxa5
34. Rb7+ Kc8 35. Rxa7 Ne2+ 36. Kg2 Nc3 37. Bf5+ Kb8 38. Rxa5 Rd5 39. Bg4 g5 40.
Bf3 Re5 41. Ra8+ Kc7 42. c6 Ne4 43. a5 Kxc6 44. a6 Kb6 45. Be2 Ra5 46. Re8 Nc5
47. Rh8 Nxa6 48. Bxa6 Kxa6 49. Rxh6+ Kb7 50. Rg6 Kc7 51. Kf3 Kd7 52. Kg4 Ra2
53. Rxg5 Rxf2 54. h4 Ke7 55. h5 Rg2+ 56. Kxf4 Rxg5 57. Kxg5 Kf7 58. Kh6 Kg8 59.
Kg6 Kh8 60. h6 Kg8 61. h7+ Kh8 62. Kh6 1/2-1/2

[Event "43rd Guernsey International Holiday"]
[Site "?"]
[Date "2017.10.18"]
[Round "4"]
[White "Stuart, Brian"]
[Black "Newell, David F"]
[Result "1-0"]
[WhiteElo "1654"]
[BlackElo "1821"]
[PlyCount "59"]
[EventDate "2017.10.15"]
[EventType "swiss"]
[EventRounds "7"]

1. e4 c5 2. Nf3 g6 3. d4 cxd4 4. Nxd4 Nc6 5. Nc3 Bg7 6. Be3 Nf6 7. Bc4 Qa5 8.
Nxc6 bxc6 9. O-O O-O 10. Bb3 Ba6 11. Re1 Rfd8 12. Qf3 d6 13. Rad1 Qh5 14. Qg3
Ng4 15. h3 Nxe3 16. Qxe3 Bc8 17. Qf4 Be6 18. Qe3 Bh6 19. Qg3 Bg7 20. Bxe6 fxe6
21. Qd3 Rf8 22. b3 Qc5 23. Re3 a5 24. h4 Bh6 25. Rg3 Bg7 26. Re3 Rf7 27. Rf1
Raf8 28. Nd1 Bh6 29. Re2 Qd4 30. Qxd4 1-0

[Event "43rd Guernsey International Holiday"]
[Site "?"]
[Date "2017.10.18"]
[Round "4"]
[White "Foran, Barry"]
[Black "Haisma, Henk"]
[Result "1-0"]
[WhiteElo "1636"]
[BlackElo "1808"]
[PlyCount "126"]
[EventDate "2017.10.15"]
[EventType "swiss"]
[EventRounds "7"]

1. d4 d5 2. Nf3 Nf6 3. e3 Bg4 4. c4 c6 5. Qb3 Qc8 6. Bd2 e6 7. Be2 Bd6 8. cxd5
exd5 9. Bb4 Bxb4+ 10. Qxb4 Na6 11. Qa3 Nc7 12. Nc3 a6 13. O-O Nb5 14. Bxb5 axb5
15. Qd6 Qd8 16. Qxd8+ Rxd8 17. Ne5 Bf5 18. b4 Ne4 19. Nxe4 dxe4 20. f3 f6 21.
fxe4 Bxe4 22. Nf3 O-O 23. a4 Rfe8 24. axb5 Bd3 25. Rfe1 Bxb5 26. Nd2 Ra8 27.
Kf2 f5 28. g3 g5 29. Nf3 h6 30. Ne5 Rad8 31. h3 f4 32. gxf4 gxf4 33. Rg1+ Kh7
34. Rg4 fxe3+ 35. Kxe3 Rd7 36. Re4 Rg7 37. Rg4 Ree7 38. Rag1 Rxg4 39. Rxg4 Bf1
40. h4 Bh3 41. Rf4 Be6 42. Ke4 Rg7 43. Rf6 Bd5+ 44. Kf4 Rg1 45. Ng4 Kg7 46. Rd6
Rf1+ 47. Ke3 Rf3+ 48. Ke2 Rf4 49. Nxh6 Re4+ 50. Kd3 Re6 51. Nf5+ Kf6 52. Rxe6+
Bxe6 53. Ng3 Bd5 54. Ke3 Ke6 55. Kf4 Kf6 56. Ne4+ Kg6 57. Nc5 Kh5 58. Kg3 b5
59. Nd7 Kg6 60. Ne5+ Kh5 61. Nd3 Be4 62. Nf4+ Kh6 63. Kg4 Bc2 {Remaining moves
unreadable, (1-0, 87)} 1-0

[Event "43rd Guernsey International Holiday"]
[Site "?"]
[Date "2017.10.18"]
[Round "4"]
[White "Beadle, John R"]
[Black "Bateman, Kerry"]
[Result "0-1"]
[WhiteElo "1558"]
[BlackElo "1764"]
[PlyCount "47"]
[EventDate "2017.10.15"]
[EventType "swiss"]
[EventRounds "7"]

1. e4 c5 2. Nf3 d6 3. d4 cxd4 4. Nxd4 Nf6 5. Nc3 g6 6. Be2 Bg7 7. h3 Nc6 8. Be3
O-O 9. O-O Bd7 10. Qd2 Rc8 11. f4 Qa5 12. Nb3 Qc7 13. a3 Qb8 14. Rf2 e6 15.
Raf1 Ne7 16. g4 Rxc3 17. Qxc3 Nxe4 18. Qe1 Ng3 19. Rg2 Nxf1 20. Kxf1 Nd5 21.
Bc1 b5 22. h4 Qb6 23. Qg3 Bc6 24. Nd2 0-1

[Event "43rd Guernsey International Holiday"]
[Site "?"]
[Date "2017.10.18"]
[Round "4"]
[White "Salisbury, Paul"]
[Black "Collins, Alan"]
[Result "1-0"]
[WhiteElo "1650"]
[BlackElo "1700"]
[PlyCount "70"]
[EventDate "2017.10.15"]
[EventType "swiss"]
[EventRounds "7"]

1. e4 d6 2. d4 Nf6 3. Nc3 c6 4. f4 Qa5 5. Bd2 e5 6. Nd5 Qd8 7. Nxf6+ Qxf6 8.
Nf3 exd4 9. f5 h6 10. g4 Nd7 11. h4 Qe7 12. Qe2 Nf6 13. Nxd4 Qxe4 14. O-O-O
Qxe2 15. Bxe2 Bd7 16. Bf3 O-O-O 17. Rhe1 d5 18. Ne6 Re8 19. Nxf8 Rhxf8 20. Bb4
Rxe1 21. Bxf8 Rxd1+ 22. Kxd1 Ne8 23. Kd2 h5 24. Ke3 hxg4 25. Bxg4 Nf6 26. Bxg7
Nh7 27. Kf4 Kd8 28. Ke5 Ke8 29. Kd6 Kd8 30. c3 Bc8 31. Bh5 Bxf5 32. Bxf7 Be4
33. h5 Bf5 34. Bg6 Bxg6 35. hxg6 Ng5 1-0

[Event "43rd Guernsey International Holiday"]
[Site "?"]
[Date "2017.10.18"]
[Round "4"]
[White "Harnden, Terry"]
[Black "Gunn, Michael J"]
[Result "1/2-1/2"]
[WhiteElo "1369"]
[BlackElo "1599"]
[PlyCount "66"]
[EventDate "2017.10.15"]
[EventType "swiss"]
[EventRounds "7"]

1. e4 e6 2. d4 d5 3. Nc3 dxe4 4. Nxe4 Nd7 5. Nf3 Ngf6 6. Bd3 Nxe4 7. Bxe4 Nf6
8. Bd3 Be7 9. O-O O-O 10. Re1 h6 11. c3 c5 12. h3 cxd4 13. Nxd4 a6 14. Qf3 Qd5
15. Qxd5 Nxd5 16. Be4 Nf6 17. Bc2 Bd6 18. Nf3 b5 19. Be4 Nxe4 20. Rxe4 Bb7 21.
Rd4 Rfd8 22. Be3 Bxf3 23. gxf3 Be5 24. Rd2 Rxd2 25. Bxd2 Rd8 26. Be3 h5 27. Kf1
f5 28. Ke2 Kf7 29. Rc1 Rd7 30. b3 f4 31. Bd2 g5 32. c4 bxc4 33. Rxc4 Rc7
1/2-1/2

[Event "43rd Guernsey International Holiday"]
[Site "?"]
[Date "2017.10.18"]
[Round "4"]
[White "Nalichowski, Bogdan"]
[Black "Huba, Mark J"]
[Result "0-1"]
[WhiteElo "1388"]
[BlackElo "1580"]
[PlyCount "74"]
[EventDate "2017.10.15"]
[EventType "swiss"]
[EventRounds "7"]

1. e4 e6 2. Nc3 d5 3. exd5 exd5 4. d4 c6 5. Be2 Bd6 6. h3 Nf6 7. Nf3 O-O 8. O-O
Bf5 9. Bg5 h6 10. Bh4 Re8 11. Qd2 Nbd7 12. Bd3 Bxd3 13. Qxd3 Qc7 14. Rae1 g5
15. Nxg5 hxg5 16. Bxg5 Nh7 17. Bh4 Ndf6 18. Qf3 Bh2+ 19. Kh1 Qf4 20. Qd3 Qxh4
21. Rxe8+ Rxe8 22. Kxh2 Ng5 23. Qf5 Nge4 24. Kg1 Nd2 25. Rd1 Nde4 26. Kf1 Nd6
27. Qf3 Nfe4 28. b3 Re6 29. Nxe4 Nxe4 30. Qf5 Rf6 31. Qg4+ Qxg4 32. hxg4 Rxf2+
33. Kg1 Rxc2 34. a4 Rd2 35. Rb1 Rxd4 36. b4 Nc3 37. b5 Nxb1 0-1

[Event "43rd Guernsey International Holiday"]
[Site "?"]
[Date "2017.10.18"]
[Round "4"]
[White "Kerr, Matthew"]
[Black "Carlsson, Johan"]
[Result "0-1"]
[WhiteElo "1290"]
[BlackElo "1552"]
[PlyCount "92"]
[EventDate "2017.10.15"]
[EventType "swiss"]
[EventRounds "7"]

1. e4 e6 2. d4 d5 3. e5 c5 4. Nf3 Nc6 5. Be3 cxd4 6. Bxd4 Nxd4 7. Qxd4 Ne7 8.
Qa4+ Nc6 9. Bb5 Bd7 10. a3 a6 11. Bd3 Nxe5 12. Qf4 Nxd3+ 13. cxd3 Be7 14. O-O
Bf6 15. d4 O-O 16. Nc3 Qb6 17. b4 Rac8 18. Rfc1 Rc4 19. Ne2 Rfc8 20. Ne5 Bxe5
21. Qxe5 h6 22. Qe3 Bb5 23. Rc3 R4c7 24. Rxc7 Rxc7 25. Nc3 Bc4 26. Na4 Qc6 27.
Nc3 b5 28. Rc1 Qd6 29. Ne2 Bxe2 30. Rxc7 Qxc7 31. Qxe2 Qc1+ 32. Qf1 Qxa3 33.
Qe1 Qb2 34. g3 Qxd4 35. Qc1 Qc4 36. Qxc4 dxc4 37. Kf1 g5 38. Ke1 Kg7 39. Ke2
Kf6 40. Ke3 Kf5 41. f3 Ke5 42. f4+ gxf4+ 43. gxf4+ Kf5 44. h3 f6 45. Kf3 Kg6
46. Ke4 Kh5 0-1

[Event "43rd Guernsey International Holiday"]
[Site "?"]
[Date "2017.10.18"]
[Round "4"]
[White "Bennett, David"]
[Black "Jones, Sidney A"]
[Result "0-1"]
[WhiteElo "1612"]
[BlackElo "1500"]
[PlyCount "96"]
[EventDate "2017.10.15"]
[EventType "swiss"]
[EventRounds "7"]

1. Nf3 Nf6 2. d4 d5 3. Bf4 e6 4. Nbd2 c5 5. e3 a6 6. Be2 Nc6 7. O-O c4 8. c3
Be7 9. Ne5 O-O 10. Nxc6 bxc6 11. Be5 Bd6 12. Nf3 Bb7 13. Rb1 Rc8 14. b3 Bxe5
15. Nxe5 Ne4 16. Qc2 a5 17. bxc4 Ba6 18. f3 Nf6 19. Bd3 Qc7 20. f4 Rb8 21. c5
Bxd3 22. Qxd3 Ne4 23. Rxb8 Rxb8 24. c4 f6 25. Nf3 Rb2 26. a3 Qb7 27. h4 Rb3 28.
Qd1 dxc4 29. Qc2 Ng3 30. Re1 Qb5 31. Kh2 Rb2 32. Qc1 Ne2 33. Qd1 c3 34. a4 Qc4
35. Qa1 Qb3 36. Rxe2 Rxe2 37. Qf1 Qb2 38. Ne1 Qd2 39. Nf3 Rxg2+ 40. Qxg2 Qxg2+
41. Kxg2 c2 42. Ne1 c1=Q 43. Nf3 Qc2+ 44. Kg3 Qxa4 45. e4 h5 46. e5 Qc2 47.
exf6 gxf6 48. Kh3 a4 0-1

[Event "43rd Guernsey International Holiday"]
[Site "?"]
[Date "2017.10.18"]
[Round "4"]
[White "Almquist, Rutger"]
[Black "Van Beek, Ronald"]
[Result "1/2-1/2"]
[WhiteElo "1589"]
[BlackElo "1246"]
[PlyCount "35"]
[EventDate "2017.10.15"]
[EventType "swiss"]
[EventRounds "7"]

1. b4 e5 2. Bb2 d6 3. e3 a5 4. bxa5 Rxa5 5. a4 Bd7 6. c4 b6 7. Nc3 Nc6 8. Qb3
Qa8 9. Nb5 Qb7 10. Bc3 Ra8 11. h3 Nf6 12. d3 Be7 13. e4 O-O 14. Be2 Na5 15.
Bxa5 Rxa5 16. Nc3 Rfa8 17. Bd1 Bc6 18. Qa2 1/2-1/2

[Event "43rd Guernsey International Holiday"]
[Site "?"]
[Date "2017.10.18"]
[Round "4"]
[White "Brauer, Claes"]
[Black "Newrick, William R"]
[Result "1-0"]
[WhiteElo "1386"]
[BlackElo "1282"]
[PlyCount "123"]
[EventDate "2017.10.15"]
[EventType "swiss"]
[EventRounds "7"]

1. g3 d5 2. Bg2 c6 3. d3 e5 4. Nf3 Bd6 5. Nbd2 Nf6 6. c4 e4 7. dxe4 dxe4 8. Ng5
e3 9. fxe3 Ng4 10. Nde4 Bb4+ 11. Bd2 Bxd2+ 12. Qxd2 Qxd2+ 13. Kxd2 O-O 14. Bh3
Rd8+ 15. Kc3 Nxe3 16. Bxc8 Rxc8 17. Kd3 Ng4 18. Kc3 Nd7 19. Nd6 Rf8 20. h3 Nge5
21. Rhf1 f6 22. Ne6 Rfb8 23. Nc7 a5 24. Nxa8 Rxa8 25. Rad1 Nc5 26. b3 a4 27. b4
Ne6 28. Nxb7 Nf7 29. Rd2 Neg5 30. Kb2 a3+ 31. Kb3 Ne4 32. Rd3 Rb8 33. Rd4 Nxg3
34. Rf3 Nxe2 35. Rd2 Nc1+ 36. Kc3 Nxa2+ 37. Rxa2 Rxb7 38. Rxa3 Ne5 39. Rf1 Kf7
40. Rfa1 Kg6 41. Ra7 Rb8 42. Rc7 Rd8 43. Rg1+ Kf5 44. Rgxg7 Rd3+ 45. Kc2 Rxh3
46. Rxh7 Rxh7 47. Rxh7 Nxc4 48. Kd3 Ne5+ 49. Kd4 Ke6 50. Kc5 Nd3+ 51. Kc4 Ne5+
52. Kd4 Nd7 53. Kc4 Ne5+ 54. Kd4 Nf3+ 55. Kc5 Ne5 56. Kb6 Kd5 57. Rh5 Kd6 58.
Rh1 Nc4+ 59. Kb7 Ne5 60. Rd1+ Ke6 61. Kc7 f5 62. Rd6+ 1-0

[Event "43rd Guernsey International Holiday"]
[Site "?"]
[Date "2017.10.19"]
[Round "5"]
[White "Heesen, Jos"]
[Black "Remie, Peter"]
[Result "1/2-1/2"]
[WhiteElo "1766"]
[BlackElo "1689"]
[PlyCount "44"]
[EventDate "2017.10.15"]
[EventType "swiss"]
[EventRounds "7"]

1. Nc3 d5 2. e4 dxe4 3. Nxe4 Bf5 4. Ng3 Bg6 5. Nf3 Nf6 6. Bc4 e6 7. d4 Be7 8.
O-O h6 9. Re1 O-O 10. c3 Nc6 11. Qe2 Nd5 12. Bb5 Nb8 13. Ne5 Bh7 14. Bc4 c6 15.
Be3 Nd7 16. Rad1 N7f6 17. Bd3 Bxd3 18. Rxd3 Nxe3 19. fxe3 Bd6 20. Red1 Qc7 21.
Ng4 Nxg4 22. Qxg4 Bxg3 1/2-1/2

[Event "43rd Guernsey International Holiday"]
[Site "?"]
[Date "2017.10.19"]
[Round "5"]
[White "Nevska, Gerda"]
[Black "Kearsley, Raymond J"]
[Result "1-0"]
[WhiteElo "1677"]
[BlackElo "1724"]
[PlyCount "85"]
[EventDate "2017.10.15"]
[EventType "swiss"]
[EventRounds "7"]

1. c4 c5 2. Nc3 g6 3. g3 Bg7 4. Bg2 Nc6 5. a3 Nf6 6. e4 O-O 7. d3 e6 8. Nge2 d6
9. Be3 Bd7 10. O-O a6 11. Rb1 Ng4 12. Bc1 Rb8 13. h3 Nf6 14. Bf4 e5 15. Bd2 Nd4
16. f4 b5 17. b3 b4 18. axb4 cxb4 19. Nd5 Nxd5 20. cxd5 f5 21. Nxd4 exd4 22.
Qe1 fxe4 23. Bxb4 Qb6 24. Ba5 Qc5 25. dxe4 d3+ 26. Kh2 Qa3 27. Bc7 Rb7 28. Bxd6
Qxd6 29. e5 Qb4 30. e6 Qxe1 31. Rfxe1 Bb5 32. d6 Ra7 33. Bd5 Kh8 34. Bc4 Be8
35. Bxd3 Bc6 36. Rbc1 Bd5 37. Bc4 Bc6 38. Rcd1 Bf6 39. e7 Rc8 40. Be6 Rb8 41.
Bf7 Re8 42. Bxe8 Bxe8 43. d7 1-0

[Event "43rd Guernsey International Holiday"]
[Site "?"]
[Date "2017.10.19"]
[Round "5"]
[White "Turner, David J"]
[Black "Baart, Edwin"]
[Result "1/2-1/2"]
[WhiteElo "1774"]
[BlackElo "1816"]
[PlyCount "72"]
[EventDate "2017.10.15"]
[EventType "swiss"]
[EventRounds "7"]

1. Nf3 d5 2. g3 Nf6 3. Bg2 g6 4. O-O Bg7 5. d3 O-O 6. Nbd2 Nbd7 7. e4 dxe4 8.
dxe4 e5 9. Qe2 Re8 10. Rd1 c6 11. Nc4 Qc7 12. Ng5 Nb6 13. Nd6 Rf8 14. Be3 Ne8
15. Ngxf7 Nxd6 16. Nxd6 Be6 17. c4 Rad8 18. c5 Nd7 19. b4 Nf6 20. h3 Ne8 21.
Nxe8 Rfxe8 22. Qc2 Qc8 23. Kh2 Rxd1 24. Rxd1 Rd8 25. Rxd8+ Qxd8 26. Bf1 Kf8 27.
a4 a6 28. Bc4 Qd7 29. h4 Bf6 30. Qb3 Bxc4 31. Qxc4 Qg4 32. Bh6+ Ke7 33. Be3
Bxh4 34. gxh4 Qxh4+ 35. Kg2 Qg4+ 36. Kh1 Qh3+ 1/2-1/2

[Event "43rd Guernsey International Holiday"]
[Site "?"]
[Date "2017.10.19"]
[Round "5"]
[White "Goman, Colin R"]
[Black "Dennis, Nigel W"]
[Result "0-1"]
[WhiteElo "1714"]
[BlackElo "1785"]
[PlyCount "80"]
[EventDate "2017.10.15"]
[EventType "swiss"]
[EventRounds "7"]

1. d4 Nf6 2. Nf3 g6 3. Nc3 Bg7 4. e4 d6 5. Be3 O-O 6. h3 e5 7. dxe5 dxe5 8. Bd3
Nc6 9. a3 a6 10. Qd2 b5 11. Bh6 Bb7 12. Bxg7 Kxg7 13. O-O Qe7 14. b4 Rad8 15.
Rfe1 Nd4 16. Nxd4 Rxd4 17. f3 Rfd8 18. Qe2 c5 19. bxc5 Qxc5 20. Kh2 Qxc3 21.
Qf2 Nh5 22. Qh4 R8d7 23. Rg1 Qd2 24. Kh1 Qf4 25. g4 Qxf3+ 26. Rg2 Nf4 27. Qf2
Qxg2+ 28. Qxg2 Nxg2 29. Kxg2 Bxe4+ 30. Bxe4 Rxe4 31. Kf3 Rf4+ 32. Ke3 Kf6 33.
Rb1 Kg5 34. Rh1 Rdd4 35. Rh2 Ra4 36. h4+ Kxg4 37. Rg2+ Kh3 38. Rg5 Rxa3+ 39.
Ke2 Rg4 40. Rxe5 Rg2+ 0-1

[Event "43rd Guernsey International Holiday"]
[Site "?"]
[Date "2017.10.19"]
[Round "5"]
[White "Kershaw, Graham J"]
[Black "Hoogakker, Peter"]
[Result "1/2-1/2"]
[WhiteElo "1712"]
[BlackElo "1769"]
[PlyCount "76"]
[EventDate "2017.10.15"]
[EventType "swiss"]
[EventRounds "7"]

1. e4 d6 2. d4 Nf6 3. Nd2 e5 4. d5 c6 5. c4 Nbd7 6. h3 Qa5 7. Ngf3 Nxe4 8. a3
cxd5 9. b4 Qb6 10. c5 dxc5 11. Nxe4 dxe4 12. Ng5 Be7 13. Nxe4 cxb4 14. Be3 Qg6
15. Qd5 O-O 16. Bd3 Qc6 17. Qa2 Nf6 18. Rc1 Qa4 19. Rc7 b3 20. Qb1 Nxe4 21.
Rxe7 Qa5+ 22. Kf1 Qxa3 23. Rxe5 Nf6 24. Bc5 Qa2 25. Bxf8 Qxb1+ 26. Bxb1 Kxf8
27. Rg5 Be6 28. Bd3 Nd5 29. Ke1 b6 30. Rg3 Nb4 31. Be4 Bd5 32. Bxd5 Nxd5 33.
Rxb3 a5 34. Kd2 Rd8 35. Kc2 Nb4+ 36. Kc3 b5 37. Rf1 Rd3+ 38. Kb2 Rd2+ 1/2-1/2

[Event "43rd Guernsey International Holiday"]
[Site "?"]
[Date "2017.10.19"]
[Round "5"]
[White "Goris Schouwstra, Adry"]
[Black "Foran, Barry"]
[Result "1-0"]
[WhiteElo "1754"]
[BlackElo "1636"]
[PlyCount "69"]
[EventDate "2017.10.15"]
[EventType "swiss"]
[EventRounds "7"]

1. d4 d5 2. Nf3 Nf6 3. e3 Bg4 4. Be2 e6 5. Nbd2 Be7 6. h3 Bf5 7. O-O O-O 8. c4
Nbd7 9. a3 c5 10. cxd5 exd5 11. dxc5 Bxc5 12. b4 Bd6 13. Bb2 a5 14. b5 b6 15.
Nd4 Be6 16. N2f3 Nc5 17. Rc1 Bc8 18. Nc6 Qc7 19. Bxf6 gxf6 20. Qxd5 Be6 21. Qh5
Kh8 22. Qh6 Be7 23. Nfd4 Rg8 24. Nxe7 Qxe7 25. Nc6 Qf8 26. Qxf6+ Rg7 27. Bg4
Ne4 28. Qd4 f5 29. Bf3 Nf6 30. Qxb6 f4 31. Kh1 Rg6 32. Ne5 Bxh3 33. Nxg6+ hxg6
34. gxh3 Qe7 35. Bxa8 1-0